| 000 | 00000nam##2200000za#4500 |
| 001 | 9.699362 |
| 003 | CaOODSP |
| 005 | 20250506145324 |
| 007 | cr ||||||||||| |
| 008 | 150407|1988||||xxc|||||o f|0| 0 eng|d |
| 040 | |aCaOODSP|beng |
| 043 | |an-cn--- |
| 086 | 1 |aA15-5247/1988E-PDF |
| 110 | 1 |aCanada.|bAgriculture Canada. |
| 245 | 10|aHelping Canada grow |h[electronic resource] |
| 260 | |aOttawa - Ontario : |bAgriculture Canada |c[1988?]. |
| 300 | |a8p.|bphotographs |
| 500 | |aHistorical publication digitized by Agriculture and Agri-Food Canada. |
| 590 | |a14-11-Supp|b2014-05-21 |
| 690 | 07|aAgricultural assistance|2gcpds |
| 690 | 07|aAgricultural policy|2gcpds |
| 775 | 08|tUn coup de pousse |w(CaOODSP)9.643353 |
| 856 | 40|ahttp://publications.gc.ca|qPDF|s742 KB|uhttps://publications.gc.ca/collections/collection_2014/aac-aafc/agrhist/A15-5247-1988-eng.pdf |
| 986 | |a[5247/E] |